000 00588cam a2200217 i 4500
001 4627976
005 20180208031307.0
008 780908s1979 ilu b 001 0 eng
010 _a 78010702
020 _a0838902723 :
_c$11.00
040 _aDLC
_cDLC
_dDLC
041 _aeng
080 _a372.64
082 0 0 _a372.64 WIT
100 1 _a46
101 _aEDU
245 1 0 _aChildren's faces looking up :
_cDorothy de Wit.
504 _aBibliography: p. 133-149.
906 _a7
_bcbc
_corignew
_d1
_eocip
_f19
_gy-gencatlg
942 _2ddc
_cBK
999 _c42049
_d42049